Descripción geológica industrial de la cuenca carbonífera de San Juan de las Abadesas, en la provincia de Gerona (Record no. 158471)

MARC details
000 -LEADER
campo de control de longitud fija 01019nam a2200169 i 4500
001 - NÚMERO DE CONTROL
campo de control 158471
003 - IDENTIFICADOR DE NÚMERO DE CONTROL
campo de control ES-MaACL
005 - FECHA Y HORA DE LA ÚLTIMA TRANSACCIÓN
campo de control 20230906211149.0
008 - DATOS DE LONGITUD FIJA--INFORMACIÓN GENERAL
campo de control de longitud fija 990310s1855 sp aef |||| | spa d
100 1# - ENTRADA PRINCIPAL--NOMBRE DE PERSONA
Nombre de persona Maestre, Amalio (
Fechas asociadas al nombre 1812-1872)
9 (RLIN) 129332
245 10 - MENCIÓN DEL TÍTULO
Título Descripción geológica industrial de la cuenca carbonífera de San Juan de las Abadesas, en la provincia de Gerona
Resto del título : con planos y cortes de dicha cuenca, y un mapa comparativo de proyectos de ferrocarril /
Mención de responsabilidad, etc. por Amalio Maestre.
260 ## - PUBLICACIÓN, DISTRIBUCIÓN, ETC.
Lugar de publicación, distribución, etc. Madrid :
Nombre del editor, distribuidor, etc. Imp., Fund. y Lib. de Don Eusebio Aguado,
Fecha de publicación, distribución, etc. 1855.
300 ## - DESCRIPCIÓN FÍSICA
Extensión 45 p., [4] h. de planos pleg. :
Otras características físicas il. ;
Dimensiones 28 cm.
650 #4 - PUNTO DE ACCESO ADICIONAL DE MATERIA--TÉRMINO DE MATERIA
Término de materia o nombre geográfico como elemento de entrada Geología-
Subdivisión geográfica Gerona (Provincia)
9 (RLIN) 167379
852 ## - LOCALIZACIÓN
Ubicación ES-MaACL
Número de control de estantería T-902-F-15
Nota libre - Enc. hol., conservando cub. original
-- - Legado Federico de Botella y de Hornos
-- - Enc. en un vol. facticio
852 ## - LOCALIZACIÓN
Ubicación ES-MaACL
Número de control de estantería L-32448(6)
Nota libre - Enc. cart.
-- . - Legado Federico de Botella y de Hornos
-- - Enc. en un vol. facticio, con tít. en el lomo de: España, geología: memorias varias, 1
Holdings
Estatus retirado Estado de pérdida Estado de daño No para préstamo Colección Biblioteca de origen Biblioteca actual Ubicación en estantería Fecha de adquisición Fuente de adquisición Total de préstamos Signatura topográfica completa Código de barras Visto por última vez Precio de reemplazo Tipo de ítem Koha
        Libros del s. XIX Biblioteca del Ateneo de Madrid Biblioteca del Ateneo de Madrid Depósito 2 20/06/2019     L-32448(6) 1200884 23/02/2023 23/02/2023 Libro impreso antiguo
        Colección de folletos Biblioteca del Ateneo de Madrid Biblioteca del Ateneo de Madrid Depósito folletos 17/01/2008     T-902-F-15 1165865 23/02/2023 23/02/2023 Folleto